ბათუმის შოთა რუსთაველის სახელმწიფო უნივერსიტეტის ბიბლიოთეკა

The Art of People / (ბიბ.ჩანაწერი № 62535)

000 -LEADER
fixed length control field 00445nam a22001697a 4500
005 - DATE AND TIME OF LATEST TRANSACTION
control field 20241202172947.0
008 - FIXED-LENGTH DATA ELEMENTS--GENERAL INFORMATION
fixed length control field 241202s2016 enk||||| |||| 00| 0 eng d
020 ## - INTERNATIONAL STANDARD BOOK NUMBER
International Standard Book Number 9780241250785x
041 ## - LANGUAGE CODE
Language code of text/sound track or separate title eng
080 ## - UNIVERSAL DECIMAL CLASSIFICATION NUMBER
Universal Decimal Classification number 005.57:331 K-37
100 ## - MAIN ENTRY--PERSONAL NAME
Personal name Kerpen, Dave
9 (RLIN) 23843
245 ## - TITLE STATEMENT
Title The Art of People /
Statement of responsibility, etc. Dave Kerpen.
264 ## - PRODUCTION, PUBLICATION, DISTRIBUTION, MANUFACTURE, AND COPYRIGHT NOTICE
Date of production, publication, distribution, manufacture, or copyright notice 2016.
300 ## - PHYSICAL DESCRIPTION
Extent 276 p.
Other physical details 20 cm.
653 ## - INDEX TERM--UNCONTROLLED
keyword მენეჯმენტი
942 ## - ADDED ENTRY ELEMENTS (KOHA)
Source of classification or shelving scheme
Koha item type წიგნი
ეგზემპლარები
Withdrawn status Lost status Source of classification or shelving scheme Damaged status Not for loan Permanent Location Current Location Shelving location Date acquired Cost, normal purchase price Full call number Barcode Date last seen Copy number Price effective from Koha item type Public note
          ბათუმის შოთა რუსთაველის სახელმწიფო უნივერსიტეტის მთავარი ბიბლიოთეკა ბათუმის შოთა რუსთაველის სახელმწიფო უნივერსიტეტის მთავარი ბიბლიოთეკა წიგნსაცავი 2024-12-02 54.00 005.57:331 K-37 69898 2024-12-02 69898 2024-12-02 წიგნი 54 ლ.